Γνωρίζοντας το χωριό μας : στο χθες και στο σήμερα
Το βιβλίο τυπώθηκε στα πλαίσια του πολιτιστικού προγράμματος "Γνωρίζοντας το χωριό μας στο χθες και στο σήμερα" κατά το σχολικό έτος 2006-2007. Τα κείμενα βασίζονται σε πληροφορίες που συγκέντρωσαν οι μαθητές και οι μαθήτριες του νηπιαγωγείου και σε καταγραφές και απομαγνητοφωνήσεις αφηγή...
Αποθηκεύτηκε σε:
| Συγγραφή απο Οργανισμό/Αρχή: | |
|---|---|
| Άλλοι συγγραφείς: | , |
| Μορφή: | Βιβλίο |
| Γλώσσα: | Greek |
| Δημοσίευση: |
[Ρόδος] :
[Ρόδος ΕΠΕ],
[2007].
|
| Θέματα: | |
| Ετικέτες: |
Προσθήκη ετικέτας
Δεν υπάρχουν, Καταχωρήστε ετικέτα πρώτοι!
|
MARC
| LEADER | 00000cam a2200000 i 4500 | ||
|---|---|---|---|
| 001 | 1/48793 | ||
| 008 | 070720s2007 gr | ||| |||| ||gre|| | ||
| 035 | |l 10089013 | ||
| 040 | |a GR-MyUa |b gre |e AACR2 | ||
| 041 | 0 | |a gre | |
| 082 | 7 | |a 398.09495 |2 (22) | |
| 245 | 0 | 0 | |a Γνωρίζοντας το χωριό μας : |b στο χθες και στο σήμερα / |c [Δήμος Ατταβύρου] ; [υπεύθυνες προγράμματος : Παπά Χριστίνα, Φάκου Αιμιλία]. |
| 260 | |a [Ρόδος] : |b [Ρόδος ΕΠΕ], |c [2007]. | ||
| 300 | |a [60] σ. : |b έγχρ. εικ. ; |c 27 εκ. | ||
| 520 | |a Το βιβλίο τυπώθηκε στα πλαίσια του πολιτιστικού προγράμματος "Γνωρίζοντας το χωριό μας στο χθες και στο σήμερα" κατά το σχολικό έτος 2006-2007. Τα κείμενα βασίζονται σε πληροφορίες που συγκέντρωσαν οι μαθητές και οι μαθήτριες του νηπιαγωγείου και σε καταγραφές και απομαγνητοφωνήσεις αφηγήσεων κατοίκων του χωριού. | ||
| 650 | 0 | |a Village communities |z Greece. | |
| 650 | 0 | |a Cultural policy. | |
| 650 | 0 | |a Folklore |z Greece |z Rhodes (Island) | |
| 700 | 1 | |a Παπά, Χριστίνα, |e edtf | |
| 700 | 1 | |a Φάκου, Αιμιλία, |e edtf | |
| 710 | 2 | |a Δήμος Ατταβύρου. | |
| 852 | |a INST |b RHODES |e 20070720 |h 398.09495 ΓΝΩ |p 005400026287 |q 005400026287 |t BK |y 0 | ||
| 901 | |a BIBL4-2007-2 | ||
| 970 | |a ΧΑΡΙΟΠΟΛΙΤΟΥ |b ΚΩΝΣΤΑΝΤΙΝΑ |z 2007/07/20 | ||